[Event "World Blitz 2023"]
[Site "Samarkand UZB"]
[Date "2023.12.29"]
[EventDate "2023.12.29"]
[Round "11.61"]
[Result "1-0"]
[White "Aldiyar Ansat"]
[Black "Alan Pichot"]
[WhiteElo "2404"]
[BlackElo "2592"]
[PlyCount "118"]

1. e4 e5 2. Nf3 Nc6 3. Bb5 a6 4. Ba4 Nf6 5. O-O b5 6. Bb3 Bc5 7. a4 Rb8 8.
Nxe5 Nxe5 9. d4 Bxd4 10. Qxd4 d6 11. f4 Nc6 12. Qc3 Ne7 13. axb5 axb5 14.
Qd3 c5 15. c4 Be6 16. Nc3 bxc4 17. Bxc4 O-O 18. Kh1 Bxc4 19. Qxc4 Rb4 20.
Qe2 d5 21. e5 Ne4 22. f5 Nxc3 23. bxc3 Re4 24. Qf2 Nc6 25. f6 Nxe5 26. Qxc5
Nd7 27. Qxd5 Nxf6 28. Qxd8 Rxd8 29. Bg5 Re6 30. Rae1 Rc8 31. Bxf6 gxf6 32.
Rc1 Rc4 33. Rf3 Kg7 34. h3 Rec6 35. Kh2 Kg6 36. Rc2 h5 37. Kg3 h4+ 38. Kf2
f5 39. Ke3 Kg5 40. Kd3 f4 41. Rf1 Kf5 42. Ra1 R6c5 43. Ra7 f6 44. Rh7 Kg5
45. Rg7+ Kf5 46. Rg4 Re4 47. c4 Rc7 48. Rxh4 Ke5 49. Rh5+ f5 50. c5 Rd4+
51. Ke2 Rd5 52. c6 Rd6 53. Rc5+ Kd4 54. Rhxf5 Re6+ 55. Kf3 Rd6 56. Rc1 Re6
57. Kxf4 Kd3 58. Rd5+ Ke2 59. Re5+ 1-0

[Event "World Blitz 2023"]
[Site "Samarkand UZB"]
[Date "2023.12.29"]
[EventDate "2023.12.29"]
[Round "11.62"]
[Result "1-0"]
[White "Gianmarco Leiva"]
[Black "V Pranav"]
[WhiteElo "2338"]
[BlackElo "2562"]
[PlyCount "114"]

1. d4 Nf6 2. Nf3 e6 3. Bf4 b6 4. e3 Bb7 5. Bd3 c5 6. c3 Be7 7. h3 O-O 8.
O-O d6 9. Re1 Nbd7 10. e4 Re8 11. Nbd2 Nf8 12. Nf1 Ng6 13. Bg5 a6 14. Ng3
Rc8 15. a4 Nd7 16. Be3 Rc7 17. Bd2 Qa8 18. Qe2 Nf6 19. Rad1 Rcc8 20. Nh2
Rcd8 21. Ng4 Nxg4 22. Qxg4 Bc6 23. Ra1 Qb7 24. f4 cxd4 25. cxd4 Nf8 26. f5
g6 27. Bc3 e5 28. Qf3 Bh4 29. d5 Bd7 30. Rf1 Bc8 31. Bd2 f6 32. Qg4 Bxg3
33. Qxg3 g5 34. h4 h6 35. hxg5 hxg5 36. Kf2 Re7 37. Rh1 Rh7 38. Bxg5 Rg7
39. Rh8+ Kxh8 40. Qh4+ Nh7 41. Bxf6 Rf8 42. Bxg7+ Qxg7 43. Rh1 Bd7 44. g4
Kg8 45. g5 Be8 46. Ke2 Rf7 47. g6 Rc7 48. gxh7+ Kh8 49. Qf2 Qg4+ 50. Kd2
Qg5+ 51. Ke2 Bh5+ 52. Rxh5 Qxh5+ 53. Kd2 Qg5+ 54. Ke2 Rxh7 55. Kd1 Rh3 56.
Kc2 Rg3 57. Qxb6 Rg2+ 1-0

[Event "World Blitz 2023"]
[Site "Samarkand UZB"]
[Date "2023.12.29"]
[EventDate "2023.12.29"]
[Round "11.63"]
[Result "1/2-1/2"]
[White "Saidakbar Saydaliev"]
[Black "Van Foreest, Lucas"]
[WhiteElo "2323"]
[BlackElo "2519"]
[PlyCount "122"]

1. e4 c5 2. Nf3 a6 3. c3 d5 4. exd5 Nf6 5. d4 cxd4 6. Qxd4 Qxd5 7. Bc4 Qxd4
8. Nxd4 e5 9. Nf3 Nc6 10. a4 Bg4 11. Ng5 Bh5 12. Nd2 h6 13. Ngf3 e4 14. Nh4
O-O-O 15. O-O Ne5 16. Ba2 Nd3 17. Nc4 Be2 18. Be3 Bxf1 19. Rxf1 Nd5 20. Bd4
N5f4 21. Bb6 Rd5 22. g3 Ne6 23. a5 Bc5 24. b4 Be7 25. Ne3 Rd7 26. Nhf5 Bf6
27. Nd5 Be5 28. Ba7 Bc7 29. Bb6 g6 30. Nfe3 Rf8 31. Bxc7 Nxc7 32. Nb6+ Kd8
33. Nxd7 Kxd7 34. f3 exf3 35. Rxf3 Ne5 36. Rf2 f5 37. Rd2+ Kc6 38. Kg2 f4
39. gxf4 Rxf4 40. Nd5 Nxd5 41. Rxd5 Rf5 42. Rd4 Nf3 43. Re4 Ng5 44. Re3 Kd6
45. h4 Nh7 46. Re6+ Kc7 47. Rxg6 Nf6 48. Rg7+ Kc6 49. Bb1 Rf4 50. Bd3 Rxh4
51. Rg6 Rg4+ 52. Kf3 Rxg6 53. Bxg6 Nd5 54. Be4 Kd6 55. Kg3 Ke5 56. Bf3 Kd6
57. Kh4 b5 58. axb6 Nxb6 59. Be2 Nd5 60. Bxa6 Nxc3 61. Bc4 Nd5 1/2-1/2

[Event "World Blitz 2023"]
[Site "Samarkand UZB"]
[Date "2023.12.29"]
[EventDate "2023.12.29"]
[Round "11.64"]
[Result "1-0"]
[White "Munkhdalai Amilal"]
[Black "Deshun Xiu"]
[WhiteElo "2293"]
[BlackElo "2493"]
[PlyCount "90"]

1. e4 c5 2. Nf3 d6 3. Bb5+ Nd7 4. d4 cxd4 5. Qxd4 a6 6. Bxd7+ Bxd7 7. Nc3
e5 8. Qd3 h6 9. Nd5 Nf6 10. Nxf6+ Qxf6 11. O-O Be7 12. Nd2 Rc8 13. a4 Be6
14. Rd1 Qg6 15. b3 d5 16. Bb2 f6 17. c4 d4 18. Ba3 Bxa3 19. Rxa3 a5 20. Nf1
O-O 21. Ng3 Qf7 22. Rf1 g5 23. Raa1 Rfd8 24. Nf5 Kh7 25. g3 Bxf5 26. exf5
Qc7 27. Rae1 Qc6 28. f3 Rd6 29. Re4 Rc7 30. Kf2 Qc5 31. h4 Kg7 32. Rh1 Rb6
33. hxg5 hxg5 34. Rg4 Qa3 35. Rxg5+ fxg5 36. f6+ Kf7 37. Rh7+ Ke6 38. Rxc7
Qb2+ 39. Kg1 Rxb3 40. Qe4 Qc1+ 41. Kg2 Qe3 42. Qd5+ Kf5 43. Qd7+ Kg6 44.
Qh7+ Kxf6 45. Qf7# 1-0

[Event "World Blitz 2023"]
[Site "Samarkand UZB"]
[Date "2023.12.29"]
[EventDate "2023.12.29"]
[Round "11.65"]
[Result "0-1"]
[White "Rojas Salas, Steven"]
[Black "Xiangyu Xu"]
[WhiteElo "2210"]
[BlackElo "2491"]
[PlyCount "102"]

1. d4 Nf6 2. c4 e6 3. Nc3 Bb4 4. e3 O-O 5. Bd3 d5 6. a3 Bxc3+ 7. bxc3 dxc4
8. Bxc4 c5 9. Nf3 Qc7 10. Be2 b6 11. Bb2 Rd8 12. O-O Nc6 13. c4 cxd4 14.
exd4 Bb7 15. Rc1 Qf4 16. Qb3 Rac8 17. Qe3 Qf5 18. Nh4 Qe4 19. Qxe4 Nxe4 20.
Nf3 Na5 21. Rfd1 Ba6 22. Ne5 f6 23. Bg4 Re8 24. d5 fxe5 25. Bxe6+ Rxe6 26.
dxe6 Re8 27. Rd7 Nc6 28. Rc7 Rxe6 29. f3 Nc5 30. Re1 Bxc4 31. f4 Nd3 32. f5
Rf6 33. Re2 h5 34. g4 hxg4 35. Bc3 Bd5 36. Rd2 Nf4 37. Bb2 Rxf5 38. Rxd5
Nxd5 39. Rxc6 Ne3 40. Rc8+ Kh7 41. Rc1 b5 42. Bc3 a6 43. Re1 Nc4 44. Re4
Rf4 45. Re2 Rf3 46. Bb4 Kg6 47. Be1 Kf5 48. Bf2 Rxa3 49. Bc5 Rf3 50. Kg2 a5
51. Be7 Ne3+ 0-1

[Event "World Blitz 2023"]
[Site "Samarkand UZB"]
[Date "2023.12.29"]
[EventDate "2023.12.29"]
[Round "11.66"]
[Result "1-0"]
[White "Mergen Kakabayev"]
[Black "Arystan Isanzhulov"]
[WhiteElo "2255"]
[BlackElo "2431"]
[PlyCount "122"]

1. e4 c5 2. Nf3 e6 3. d4 cxd4 4. Nxd4 a6 5. Bd3 Bc5 6. Nb3 Ba7 7. c4 d6 8.
Nc3 Nc6 9. O-O Nge7 10. Qe2 O-O 11. Kh1 e5 12. Be3 Be6 13. Rac1 a5 14. Nb5
Bxe3 15. Qxe3 b6 16. Rfd1 Qb8 17. Bf1 Rd8 18. Nd2 Nb4 19. a3 Na6 20. Nb1
Nc5 21. b4 axb4 22. axb4 Na6 23. Qe1 Nc6 24. Nxd6 Rxd6 25. b5 Nab4 26. bxc6
Nxc6 27. Nc3 g6 28. Nd5 Kg7 29. Ra1 Nd4 30. Rxa8 Qxa8 31. Rb1 Qa5 32. Qe3
Qc5 33. h3 f6 34. Qd2 g5 35. Kg1 Bxh3 36. Qb4 Be6 37. Nxb6 Qxb4 38. Rxb4
Nc6 39. Rb1 f5 40. Nd5 fxe4 41. Ne3 Nd4 42. Rb7+ Kg6 43. Re7 h5 44. c5 Rc6
45. Nc4 Kf6 46. Rh7 Bxc4 47. Bxc4 Rxc5 48. Ba6 Kg6 49. Re7 Kf6 50. Rh7 h4
51. Bb7 Ne2+ 52. Kh2 Rc4 53. Rh6+ Kf5 54. Bd5 Nf4 55. Bxc4 g4 56. Rxh4 Kg5
57. Rh8 Kf5 58. Ba6 Kg5 59. Rg8+ Kh5 60. Bc8 Nd3 61. Bxg4+ 1-0

[Event "World Blitz 2023"]
[Site "Samarkand UZB"]
[Date "2023.12.29"]
[EventDate "2023.12.29"]
[Round "11.68"]
[Result "1-0"]
[White "Vugar Asadli"]
[Black "Faustino Oro"]
[WhiteElo "2584"]
[BlackElo "2105"]
[PlyCount "62"]

1. e4 e5 2. Nf3 Nc6 3. d4 exd4 4. Bc4 Nf6 5. e5 d5 6. Bb5 Ne4 7. Nxd4 Bd7
8. Bxc6 bxc6 9. O-O Bc5 10. f3 Ng5 11. Be3 O-O 12. f4 Ne4 13. Nd2 Nxd2 14.
Qxd2 Bb6 15. Nb3 f6 16. Bc5 Re8 17. Rae1 fxe5 18. fxe5 Qh4 19. Qc3 Qh5 20.
a4 a5 21. Re3 Bf5 22. Nd4 Be4 23. e6 Bxc5 24. Qxc5 Rf8 25. e7 Rxf1+ 26.
Kxf1 Qg5 27. Qxc6 Qf6+ 28. Qxf6 gxf6 29. Ne6 Re8 30. Nxc7 Rxe7 31. Nxd5 1-0

[Event "World Blitz 2023"]
[Site "Samarkand UZB"]
[Date "2023.12.29"]
[EventDate "2023.12.29"]
[Round "11.69"]
[Result "0-1"]
[White "Stepan Zilka"]
[Black "Harold Wanyama"]
[WhiteElo "2494"]
[BlackElo "2228"]
[PlyCount "46"]

1. e4 c5 2. Nf3 e6 3. d4 cxd4 4. Nxd4 Nc6 5. Nc3 Qc7 6. g3 a6 7. Bg2 Nf6 8.
O-O Nxd4 9. Qxd4 Bc5 10. Bf4 d6 11. Qd2 Bb4 12. Nb5 axb5 13. Qxb4 e5 14.
Bg5 Bd7 15. Rad1 Ra6 16. f4 Ng4 17. fxe5 Qb6+ 18. Kh1 Nf2+ 19. Rxf2 Qxf2
20. exd6 O-O 21. Qb3 Rxd6 22. Rf1 Qe2 23. e5 Rd1 0-1

[Event "World Blitz 2023"]
[Site "Samarkand UZB"]
[Date "2023.12.29"]
[EventDate "2023.12.29"]
[Round "11.70"]
[Result "1-0"]
[White "Mohamed Tissir"]
[Black "Shahruh Turayev"]
[WhiteElo "2458"]
[BlackElo "2168"]
[PlyCount "60"]

1. e4 e6 2. d4 d5 3. Nc3 Nf6 4. exd5 exd5 5. Bd3 Bd6 6. Nf3 O-O 7. O-O c6
8. h3 h6 9. Ne2 Qc7 10. Be3 Ne4 11. c4 Re8 12. Rc1 dxc4 13. Bxc4 Nd7 14.
Nc3 Ndf6 15. Bd3 Qa5 16. Nxe4 Nxe4 17. Qc2 Bf5 18. a3 Bg6 19. Rfe1 Qh5 20.
Qb3 Re7 21. Be2 Qa5 22. Red1 Rae8 23. d5 Nxf2 24. Bxf2 Rxe2 25. dxc6 Rxf2
26. Kxf2 Bc5+ 27. Kg3 Qc7+ 28. Kg4 h5+ 29. Kh4 Qf4+ 30. g4 Bf2# 1-0

[Event "World Blitz 2023"]
[Site "Samarkand UZB"]
[Date "2023.12.29"]
[EventDate "2023.12.29"]
[Round "11.71"]
[Result "1-0"]
[White "Jamshid Mustafaev"]
[Black "Jaloliddin Ilkhomi"]
[WhiteElo "2323"]
[BlackElo "2054"]
[PlyCount "86"]

1. e4 e6 2. d3 d5 3. Nd2 c5 4. g3 Nc6 5. Bg2 d4 6. f4 Qc7 7. Ngf3 f6 8. a4
Bd6 9. O-O e5 10. Nc4 Nge7 11. fxe5 Nxe5 12. Nfxe5 Bxe5 13. Nxe5 Qxe5 14.
Bf4 Qe6 15. e5 f5 16. a5 Rb8 17. Qh5+ Qg6 18. Qh4 Be6 19. b4 cxb4 20. Rab1
Nd5 21. Bxd5 Bxd5 22. Rxb4 O-O 23. Rxd4 Bc6 24. Rd6 Qe8 25. e6 Rf6 26. Re1
Rd8 27. Rxd8 Qxd8 28. e7 Qe8 29. Bg5 Rf7 30. Qc4 h6 31. Bf4 Kh7 32. Bd6 Rf6
33. Bb4 Qh5 34. Qf4 Qf7 35. Qe5 Qe8 36. d4 Be4 37. d5 Qb5 38. Rxe4 fxe4 39.
Qxe4+ g6 40. c4 Qxb4 41. e8=Q Qc5+ 42. Qe3 Qxc4 43. Q3e7+ 1-0

[Event "World Blitz 2023"]
[Site "Samarkand UZB"]
[Date "2023.12.29"]
[EventDate "2023.12.29"]
[Round "11.72"]
[Result "1-0"]
[White "Roman Shogdzhiev"]
[Black "Daler Vakhidov"]
[WhiteElo "2117"]
[BlackElo "2110"]
[PlyCount "120"]

1. e4 c5 2. Nf3 g6 3. d4 cxd4 4. Nxd4 Bg7 5. c4 Nc6 6. Be3 Nf6 7. Nc3 O-O
8. Be2 d6 9. O-O Bd7 10. b3 Nxd4 11. Bxd4 Bc6 12. Bd3 a5 13. Rc1 Nd7 14.
Bxg7 Kxg7 15. Be2 Kg8 16. Re1 Qb6 17. Rb1 Ne5 18. Kf1 f5 19. Nd5 Bxd5 20.
exd5 f4 21. f3 a4 22. b4 Rfc8 23. Qc2 Qe3 24. Qc1 Qxc1 25. Rexc1 Rc7 26.
Rc3 b5 27. c5 dxc5 28. bxc5 Rd8 29. Rxb5 Rxd5 30. Ra5 Kg7 31. Rxa4 g5 32.
Ra5 Rb7 33. Rc2 Nc6 34. Ra4 Rb1+ 35. Kf2 Re5 36. Re4 Rd5 37. Bc4 Rdd1 38.
g3 fxg3+ 39. hxg3 e5 40. Be2 Rh1 41. Ke3 Kf6 42. Rd2 Nd4 43. f4 gxf4+ 44.
gxf4 Nf5+ 45. Kd3 Rh3+ 46. Kc4 Rc1+ 47. Kb4 exf4 48. Rxf4 Ke5 49. Rc4 Rb1+
50. Ka4 Rh6 51. c6 Rb8 52. Rc5+ Kf4 53. Bb5 Nd6 54. c7 Ra8+ 55. Kb4 Nc8 56.
Rd8 Rb6 57. a4 Re6 58. Bd7 Re4+ 59. Kc3 Rexa4 60. Bxa4 1-0

[Event "World Blitz 2023"]
[Site "Samarkand UZB"]
[Date "2023.12.29"]
[EventDate "2023.12.29"]
[Round "11.73"]
[Result "1-0"]
[White "Gallego Alcaraz, Andres Felipe"]
[Black "Tigran K Harutyunyan"]
[WhiteElo "2384"]
[BlackElo "2407"]
[PlyCount "120"]

1. d4 Nf6 2. Nf3 d5 3. c4 e6 4. g3 Bb4+ 5. Bd2 Be7 6. Bg2 O-O 7. Qc2 Nbd7
8. O-O c6 9. Rd1 h6 10. Bf4 a5 11. b3 Ne4 12. Nfd2 f5 13. Nc3 g5 14. Be5
Nxe5 15. dxe5 Bc5 16. Ndxe4 fxe4 17. Nxe4 Bb6 18. Nf6+ Rxf6 19. exf6 Qxf6
20. e3 Bd7 21. Bh3 Be8 22. Rac1 Bg6 23. Qc3 Qf7 24. b4 Rf8 25. Rd2 axb4 26.
Qxb4 Ba7 27. Bg2 h5 28. Rcd1 h4 29. Rb2 h3 30. Bh1 Be4 31. Bxe4 dxe4 32.
Qe1 Qf3 33. Qf1 g4 34. Re1 Rf7 35. Rc2 Bc5 36. Rb2 Bd6 37. a4 Be5 38. Rc2
Kg7 39. Rd1 Kg6 40. c5 Bc7 41. Rcd2 Bb8 42. Rd7 Rf6 43. Rxb7 Bxg3 44. hxg3
h2+ 45. Kxh2 Kf5 46. Rh7 Kg6 47. Rh4 Kg5 48. Kg1 Rf8 49. Rd4 Qf5 50. Qe2
Rb8 51. Rd1 Ra8 52. Ra1 Rb8 53. a5 Ra8 54. a6 Ra7 55. Qb2 e5 56. Qb8 Rf7
57. Qg8+ Kf6 58. Rh6+ Ke7 59. Rh2 Ke6 60. a7 1-0

[Event "World Blitz 2023"]
[Site "Samarkand UZB"]
[Date "2023.12.29"]
[EventDate "2023.12.29"]
[Round "11.74"]
[Result "1/2-1/2"]
[White "Nikolay Tregubenko"]
[Black "Miraziz Kuziev"]
[WhiteElo "1955"]
[BlackElo "2196"]
[PlyCount "86"]

1. e4 e5 2. Nf3 Nc6 3. d4 exd4 4. Nxd4 Qf6 5. Nxc6 Bc5 6. Qf3 Qxf3 7. gxf3
dxc6 8. Be3 Bb4+ 9. Nc3 f5 10. Rg1 Kf8 11. O-O-O Be6 12. a3 Bxc3 13. Bc5+
Kf7 14. bxc3 Nf6 15. exf5 Bd5 16. f4 b5 17. Bd4 Rhe8 18. Be5 Rac8 19. Bd3
Re7 20. Rg3 Rg8 21. Rdg1 a6 22. Bd4 a5 23. Rh3 Rd7 24. Bxf6 Kxf6 25. Rxh7
Bf7 26. h4 b4 27. axb4 axb4 28. cxb4 Rd4 29. h5 Rxf4 30. h6 Rh4 31. Rhxg7
Rxg7 32. hxg7 Bg8 33. Rg6+ Kf7 34. Rxc6 Rxb4 35. Rxc7+ Kf6 36. Kd2 Bf7 37.
Kc3 Rf4 38. Ra7 Rxf2 39. Bc4 Bxc4 40. Kxc4 Rxc2+ 41. Kd3 Rg2 42. Ke4 Rg4+
43. Kf3 Rxg7 1/2-1/2

[Event "World Blitz 2023"]
[Site "Samarkand UZB"]
[Date "2023.12.29"]
[EventDate "2023.12.29"]
[Round "11.75"]
[Result "1-0"]
[White "Khalil Nafri"]
[Black "Sergey Sklokin"]
[WhiteElo "2151"]
[BlackElo "1995"]
[PlyCount "86"]

1. e4 c6 2. d4 d5 3. exd5 cxd5 4. c4 Nc6 5. Nc3 Nf6 6. Bg5 e6 7. Nf3 Be7 8.
c5 Ne4 9. Bxe7 Qxe7 10. Bb5 O-O 11. O-O a6 12. Nxe4 dxe4 13. Bxc6 bxc6 14.
Ne5 Bb7 15. Nc4 f5 16. Nd6 a5 17. f3 Ba6 18. Re1 Rab8 19. b3 exf3 20. Qxf3
Qf6 21. Qe3 Kh8 22. Rad1 a4 23. Qxe6 Qxe6 24. Rxe6 axb3 25. axb3 Rxb3 26.
Nxf5 Bc8 27. Re3 Bxf5 28. Rxb3 Bc2 29. Rbb1 Bxd1 30. Rxd1 Kg8 31. d5 cxd5
32. Rxd5 g6 33. c6 Kf7 34. Rd7+ Ke6 35. Rxh7 Rc8 36. c7 Kd6 37. Kf2 Rxc7
38. Rxc7 Kxc7 39. Kg3 Kd6 40. Kg4 Ke6 41. Kg5 Kf7 42. Kh6 Kf6 43. g4 1-0

[Event "World Blitz 2023"]
[Site "Samarkand UZB"]
[Date "2023.12.29"]
[EventDate "2023.12.29"]
[Round "11.76"]
[Result "0-1"]
[White "Timur Yonal"]
[Black "Giovanni Vescovi"]
[WhiteElo "1862"]
[BlackElo "2593"]
[PlyCount "84"]

1. e4 c5 2. Nc3 e6 3. g3 Nc6 4. Bg2 g6 5. d3 Bg7 6. f4 Nge7 7. Nf3 d6 8.
Be3 Rb8 9. Qd2 b5 10. O-O b4 11. Nd1 a5 12. c3 Ba6 13. Re1 O-O 14. Nf2 a4
15. d4 bxc3 16. bxc3 cxd4 17. cxd4 Na5 18. Qc2 Qd7 19. Rab1 Rbc8 20. Qd1
Nc4 21. Bf1 d5 22. e5 Rb8 23. Ng4 Rfc8 24. Nf6+ Bxf6 25. exf6 Nf5 26. Ne5
Qe8 27. Nxc4 dxc4 28. Rxb8 Rxb8 29. d5 Qd7 30. dxe6 Qxd1 31. exf7+ Kxf7 32.
Rxd1 Nxe3 33. Rd7+ Kxf6 34. Rd6+ Ke7 35. Rxa6 Rb1 36. Kf2 Nxf1 37. Rxa4 c3
38. Rc4 Nd2 39. Rc7+ Kd6 40. Rc8 Ne4+ 41. Ke3 Nc5 42. Kd4 c2 0-1

[Event "World Blitz 2023"]
[Site "Samarkand UZB"]
[Date "2023.12.29"]
[EventDate "2023.12.29"]
[Round "11.77"]
[Result "1-0"]
[White "O`Gorman, Tom"]
[Black "Ernur Amangeldy"]
[WhiteElo "2288"]
[BlackElo "2144"]
[PlyCount "110"]

1. e4 c5 2. Nf3 d6 3. d4 cxd4 4. Qxd4 Bd7 5. Be2 Nc6 6. Qe3 g6 7. O-O Bg7
8. h3 Nf6 9. Rd1 O-O 10. c4 Qa5 11. Nc3 Be6 12. Bd2 Qc5 13. Rac1 Qxe3 14.
Bxe3 Rfc8 15. b3 Nd7 16. Ng5 Nc5 17. f4 h6 18. Nxe6 Nxe6 19. Bf1 Rd8 20. f5
Nc5 21. fxg6 fxg6 22. Nd5 Kf7 23. Be2 Rac8 24. Rf1+ Ke8 25. Bg4 e6 26. Nf4
Bd4 27. Bxd4 Nxd4 28. Nxg6 Kd7 29. Rf7+ Kc6 30. Ne7+ Kb6 31. Nxc8+ Rxc8 32.
Rd1 Nc6 33. Rxd6 Re8 34. Rh7 Ka5 35. Rxh6 Kb4 36. Bxe6 Re7 37. Bd5 Ne5 38.
h4 a5 39. Rb6+ Ka3 40. Rb5 Ned3 41. Rxa5+ Kb2 42. Rf6 Kc3 43. h5 Kd4 44. h6
Ne5 45. Ra8 Ng4 46. Rg6 Ne5 47. Rg3 Rh7 48. Rh3 Ncd3 49. Rf8 b6 50. Rf6 Nc1
51. Rxb6 Ne2+ 52. Kf2 Nf4 53. Rh4 Nfd3+ 54. Kg1 Nf4 55. Rxf4 1-0

[Event "World Blitz 2023"]
[Site "Samarkand UZB"]
[Date "2023.12.29"]
[EventDate "2023.12.29"]
[Round "11.78"]
[Result "1-0"]
[White "Mustafokhuja Khusenkhojaev"]
[Black "David Bogdan"]
[WhiteElo "2082"]
[BlackElo "1880"]
[PlyCount "52"]

1. d4 d5 2. Nf3 e6 3. c4 Be7 4. g3 Nf6 5. Bg2 O-O 6. O-O c6 7. Qc2 b6 8.
Nbd2 a5 9. e4 Na6 10. cxd5 cxd5 11. e5 Nd7 12. a3 Bb7 13. Re1 Rc8 14. Qd1
Qc7 15. Bf1 Nab8 16. Bd3 Ba6 17. Bb1 b5 18. Nf1 b4 19. axb4 Bxb4 20. Bd2
Nc6 21. Bxh7+ Kxh7 22. Ng5+ Kg6 23. Qb1+ f5 24. exf6+ Kh5 25. Qh7+ Kg4 26.
h3# 1-0

[Event "World Blitz 2023"]
[Site "Samarkand UZB"]
[Date "2023.12.29"]
[EventDate "2023.12.29"]
[Round "6.54"]
[Result "0-1"]
[White "Khumoyun Begmuratov"]
[Black "Murtas Kazhgaleyev"]
[WhiteElo "2276"]
[BlackElo "2488"]
[PlyCount "240"]

1. e4 c5 2. Nf3 e6 3. d4 cxd4 4. Nxd4 Nc6 5. Nc3 d6 6. g3 a6 7. Bg2 Bd7 8.
O-O Nge7 9. Be3 Nxd4 10. Qxd4 Nc6 11. Qd2 Be7 12. Bf4 Ne5 13. Rad1 Qc7 14.
Ne2 Rd8 15. c3 Nc4 16. Qc2 O-O 17. b3 Ne5 18. h3 b5 19. Be3 Rc8 20. f4 Nc6
21. Qd2 Rfd8 22. Rc1 Be8 23. Rfd1 Qb8 24. Kh2 h6 25. Qe1 e5 26. Qf2 Qb7 27.
Rd2 Bf6 28. Rcd1 Qe7 29. f5 Nb8 30. Bb6 Rd7 31. Bf3 Bg5 32. Be3 Bxe3 33.
Qxe3 Rdd8 34. Rd3 Rc6 35. Qd2 Kf8 36. Rf1 Nd7 37. Qe3 Nf6 38. Rd2 Rcc8 39.
Rfd1 Bc6 40. g4 Rd7 41. Ng3 Rcd8 42. Qb6 Bb7 43. c4 bxc4 44. bxc4 Ne8 45.
c5 dxc5 46. Rxd7 Rxd7 47. Rxd7 Qxd7 48. Qxc5+ Qd6 49. Qe3 Qe7 50. Ne2 Nf6
51. Kg3 Kg8 52. h4 Nh7 53. Nc3 Qb4 54. Qd3 Nf8 55. Nd5 Bxd5 56. exd5 Qd6
57. Be4 Nd7 58. g5 Nc5 59. Qc4 Qb6 60. Kg4 a5 61. a3 Qd6 62. Bc2 Qe7 63.
Qb5 e4 64. Qb8+ Kh7 65. Qf4 Nd3 66. Qe3 Ne5+ 67. Kg3 hxg5 68. hxg5 Nc4 69.
Qxe4 Qxg5+ 70. Kh3 Nd6 71. Qe5 Qh6+ 72. Kg3 Qg5+ 73. Kf3 Qd8 74. f6+ Kg8
75. fxg7 Ne8 76. Qf5 Kxg7 77. Qh7+ Kf8 78. Qh8+ Ke7 79. Qe5+ Kf8 80. Qh8+
Ke7 81. Qh4+ Nf6 82. Be4 Qd6 83. a4 Qa3+ 84. Ke2 Qb4 85. d6+ Qxd6 86. Bf3
Qe5+ 87. Kf2 Qc5+ 88. Kg2 Qe5 89. Qc4 Kf8 90. Qc8+ Kg7 91. Qc4 Qg5+ 92. Kf2
Qe5 93. Kg2 Ne8 94. Qg4+ Kf8 95. Qh4 Nd6 96. Qd8+ Kg7 97. Qh4 Qf6 98. Qe1
Qg5+ 99. Kf2 Qf4 100. Qc3+ Kf8 101. Ke2 Qxa4 102. Qh8+ Ke7 103. Qe5+ Kd7
104. Kf2 Qb4 105. Kg3 a4 106. Bg4+ Kc7 107. Qe7+ Kb6 108. Qd8+ Kc5 109.
Qc7+ Kd4 110. Bf3 a3 111. Qa7+ Qc5 112. Qa4+ Kc3 113. Qf4 Nf5+ 114. Kg4
Ne3+ 115. Kg3 Nf5+ 116. Kg4 Ne3+ 117. Kh4 Qd4 118. Be4 a2 119. Qc7+ Kd2
120. Qh2+ Kc3 0-1

[Event "World Blitz 2023"]
[Site "Samarkand UZB"]
[Date "2023.12.29"]
[EventDate "2023.12.29"]
[Round "6.55"]
[Result "1/2-1/2"]
[White "Yuriy Kuzubov"]
[Black "Gianmarco Leiva"]
[WhiteElo "2487"]
[BlackElo "2338"]
[PlyCount "174"]

1. d4 Nf6 2. Nf3 e6 3. c4 d5 4. Nc3 a6 5. cxd5 exd5 6. Bg5 Be6 7. Bxf6 Qxf6
8. Qb3 Ra7 9. g3 Bd6 10. h4 O-O 11. Bh3 Nc6 12. Nxd5 Bb4+ 13. Kf1 Bxd5 14.
Qxd5 Rd8 15. Qb3 a5 16. Rc1 b6 17. d5 Nd4 18. Nxd4 Qxd4 19. Bg2 Bc5 20. e3
Qf6 21. Qc3 Qe7 22. Bf3 Bd6 23. Kg2 Re8 24. b3 a4 25. h5 h6 26. Qc4 axb3
27. axb3 Ra2 28. Rc2 Rea8 29. Rhc1 Qf6 30. Qe4 R2a3 31. Rb1 Rb8 32. Rc4 Kf8
33. Ra4 Re8 34. Qd3 Rxa4 35. bxa4 Ra8 36. Qc4 Qf5 37. Rb5 Qf6 38. Rb3 Qa1
39. Qe4 Qxa4 40. Qd3 Qd7 41. Qh7 Re8 42. Qh8+ Ke7 43. Qxg7 Qf5 44. Qxh6 Rg8
45. e4 Qe5 46. Kf1 Qa1+ 47. Kg2 Qe5 48. Qe3 Rxg3+ 49. fxg3 Qxg3+ 50. Kf1
Bc5 51. Qd2 Qg1+ 52. Ke2 Qf2+ 53. Kd1 Qf1+ 54. Kc2 Qc4+ 55. Qc3 Qf1 56.
Qe5+ Kf8 57. Qh8+ Ke7 58. Qe5+ Kf8 59. Qf4 Qc4+ 60. Rc3 Qa2+ 61. Kd1 Qa4+
62. Ke2 Qa6+ 63. Rd3 Qa2+ 64. Qd2 Qa1 65. Rc3 Bb4 66. Rc1 Qa6+ 67. Qd3 Qa2+
68. Rc2 Qa1 69. Qd1 Qe5 70. h6 Qh2+ 71. Kd3 Qxh6 72. Kc4 Bc5 73. Kb3 Qe3+
74. Rc3 Qf2 75. e5 Bd4 76. Qc2 Qf1 77. Rd3 Qg1 78. d6 c5 79. d7 Ke7 80. Kc4
Qa1 81. Kb5 Kxd7 82. Rxd4+ Qxd4 83. Qf5+ Ke7 84. Qf6+ Ke8 85. Bc6+ Kf8 86.
Qh8+ Ke7 87. Qe8# 1/2-1/2

[Event "World Blitz 2023"]
[Site "Samarkand UZB"]
[Date "2023.12.29"]
[EventDate "2023.12.29"]
[Round "6.56"]
[Result "1-0"]
[White "Jakub Kosakowski"]
[Black "Jaloliddin Ilkhomi"]
[WhiteElo "2485"]
[BlackElo "2054"]
[PlyCount "98"]

1. e4 e6 2. d4 d5 3. Nc3 Bb4 4. e5 c5 5. a3 Bxc3+ 6. bxc3 Qa5 7. Bd2 Qa4 8.
Rb1 c4 9. Qc1 Nc6 10. h4 Nge7 11. h5 h6 12. Rh4 b6 13. Rg4 Rg8 14. Nf3 Bd7
15. Rf4 Rf8 16. g4 O-O-O 17. g5 hxg5 18. Nxg5 Nf5 19. Bh3 Nce7 20. Rb4 Qc6
21. a4 f6 22. Nf3 Rh8 23. Bg4 Ng6 24. Ke2 Nxf4+ 25. Bxf4 Nh6 26. Bh3 f5 27.
Qg1 a5 28. Rb1 Qxa4 29. Kd2 Qc6 30. Qxg7 Rdg8 31. Qe7 Re8 32. Qh4 Qc7 33.
Bg5 Bc6 34. Bf6 Rh7 35. Ng5 Rd7 36. Qf4 a4 37. Nxe6 Rxe6 38. Qxh6 Re8 39.
Bxf5 Kb7 40. Bxd7 Bxd7 41. Qg6 Qc8 42. h6 Ka6 43. h7 Bf5 44. Qxe8 Qxe8 45.
h8=Q Qc6 46. Qf8 Ka7 47. Qb4 Bd7 48. Qd6 Qc8 49. Qxb6+ 1-0

[Event "World Blitz 2023"]
[Site "Samarkand UZB"]
[Date "2023.12.29"]
[EventDate "2023.12.29"]
[Round "6.57"]
[Result "0-1"]
[White "Daler Vakhidov"]
[Black "Bardiya Daneshvar"]
[WhiteElo "2110"]
[BlackElo "2483"]
[PlyCount "90"]

1. d4 Nf6 2. Nf3 b6 3. g3 Bb7 4. Bg2 g6 5. c4 Bg7 6. Nc3 Ne4 7. Nxe4 Bxe4
8. O-O O-O 9. Nh4 Bxg2 10. Nxg2 c5 11. dxc5 bxc5 12. Qd5 Na6 13. Rb1 d6 14.
Bd2 Qd7 15. h4 Nc7 16. Qe4 Qe6 17. Qd3 a5 18. Bc3 a4 19. Nf4 Qf5 20. Qxf5
gxf5 21. Bxg7 Kxg7 22. b4 axb3 23. axb3 Rfb8 24. Nd3 Ne6 25. b4 cxb4 26.
Rxb4 Rc8 27. Rb7 Kf8 28. Rc1 Ra4 29. Rb4 Ra2 30. e3 Rd2 31. Rc3 Kg7 32. Rb5
Kf6 33. c5 dxc5 34. Nxc5 Ra8 35. Nxe6 Ra1+ 36. Kg2 fxe6 37. Rb4 Raa2 38.
Rf4 e5 39. Rf3 e4 40. Rf4 h5 41. Rc6+ e6 42. Rc8 Ra1 43. Rf8+ Kg7 44. Rc8
Rdd1 45. f3 Rd2+ 0-1

[Event "World Blitz 2023"]
[Site "Samarkand UZB"]
[Date "2023.12.29"]
[EventDate "2023.12.29"]
[Round "6.58"]
[Result "1-0"]
[White "Savva Vetokhin"]
[Black "Bakhrom Bakhrillaev"]
[WhiteElo "2483"]
[BlackElo "1994"]
[PlyCount "92"]

1. d4 Nf6 2. c4 g6 3. Nf3 Bg7 4. g3 O-O 5. Bg2 d6 6. O-O c6 7. Nc3 Bf5 8.
Re1 Ne4 9. Qb3 Nxc3 10. bxc3 Bc8 11. e4 c5 12. Be3 Nc6 13. Qc2 Qc7 14. Qd3
b6 15. Nd2 Ba6 16. f4 Rac8 17. d5 Na5 18. Bf2 e6 19. Bf1 exd5 20. exd5 Qd7
21. Qc2 Rce8 22. Bd3 Rxe1+ 23. Rxe1 Re8 24. Rxe8+ Qxe8 25. Kg2 f5 26. h3
Qf7 27. Kg1 Qf6 28. Qa4 Qxc3 29. Qe8+ Bf8 30. Qe6+ Kg7 31. Qe2 Qf6 32. Nf3
h6 33. Be1 Kf7 34. Bxa5 bxa5 35. Qd2 Qd8 36. g4 fxg4 37. hxg4 Bg7 38. g5 h5
39. Nh4 Bd4+ 40. Kg2 Kg7 41. Bxg6 Bxc4 42. Be4 Kg8 43. Qd1 Qe8 44. Qf3 Qf7
45. f5 Bxa2 46. f6 1-0

[Event "World Blitz 2023"]
[Site "Samarkand UZB"]
[Date "2023.12.29"]
[EventDate "2023.12.29"]
[Round "6.60"]
[Result "0-1"]
[White "Sinisa Drazic"]
[Black "Chongsheng Zeng"]
[WhiteElo "2276"]
[BlackElo "2504"]
[PlyCount "86"]

1. b3 e5 2. Bb2 Nc6 3. e3 g6 4. d4 exd4 5. exd4 Bg7 6. Nf3 Nge7 7. Nbd2 O-O
8. Bd3 d5 9. c3 Bf5 10. Qc2 a5 11. O-O a4 12. Ba3 Re8 13. h3 Qd7 14. Rfe1
Bxd3 15. Qxd3 Nf5 16. Rxe8+ Rxe8 17. Qb5 axb3 18. axb3 b6 19. Bb4 Nd6 20.
Bxd6 Qxd6 21. Kf1 h6 22. b4 Bf6 23. Kg1 Kg7 24. Nf1 h5 25. Ne3 Rd8 26. Re1
Ne7 27. Qa4 c5 28. bxc5 bxc5 29. Rb1 c4 30. Qa5 Rd7 31. Rb6 Qf4 32. Qa4 Rd8
33. Qc2 Ra8 34. Qb1 Ra3 35. Qb2 Ra5 36. Rb5 Rxb5 37. Qxb5 Qe4 38. Qb4 g5
39. Kh1 g4 40. hxg4 hxg4 41. Ne5 g3 42. N5g4 gxf2 43. Nxf6 Qh4# 0-1